| 000 | 00662nam a22001337a 4500 | ||
|---|---|---|---|
| 040 | _cRUA | ||
| 082 | _aAED SOR 2018 B650 Or.1 | ||
| 100 | _aSOR TOMA ស៊ តូម៉ា | ||
| 245 | _athe study on economic efficiency of household's sugar cane in preak koy commune, saang distric, kandal province ការសិក្សារអំពីប្រសិទ្ធភាពសេដ្ឋកិច្ចនៃដំណាំ អំពៅជាលក្ខណ:គ្រួសារ នៅឃុំព្រែកគយ ខេត្តកណ្តាល | ||
| 260 |
_aRUA _bPhnom penh _c2018 |
||
| 300 |
_ax;53p _bill; _c29cm |
||
| 856 | _uSOR TOMA | ||
| 942 | _cAED | ||
| 999 |
_c18353 _d18353 |
||